|
|
|
|
| LEADER |
00858cam a2200205 7i4500 |
| 001 |
0000052261 |
| 005 |
20190301090000.0 |
| 008 |
190228 eng |
| 090 |
0 |
0 |
|a HG187.4
|b .H35 2011
|
| 100 |
0 |
|
|a Hakimah Yaacob
|
| 245 |
1 |
0 |
|a International convention for Islamic finance :
|b towards standardisation
|c Hakimah Yaacob, Marjan Mohammad & Edib Smolo.
|
| 260 |
|
|
|a Kuala Lumpur:
|b International Shari'ah Research Academy (ISRA),
|c 2011.
|
| 300 |
|
|
|a 54 p.;
|c 30 cm.
|
| 490 |
0 |
|
|a Research paper;
|v No. 29/2011
|
| 500 |
|
|
|a Gift: International Shari'ah Research Academy for Islamic Finance (ISRA)
|
| 504 |
|
|
|a Includes bibliographical references
|
| 650 |
0 |
0 |
|a Finance --
|x Religious aspects --
|x Islam
|
| 700 |
0 |
|
|a Marjan Muhammad
|
| 700 |
1 |
|
|a Smolo, Edib
|
| 999 |
|
|
|a 0000063947
|b BOK
|c CLOSED ACCESS COLLECTION
|e ISRA Corner, 2nd Floor, Shah Alam
|